[Event "Pardubice op rap 25th"]
[Site "Pardubice"]
[Date "2014.07.17"]
[Round "7"]
[White "Klukin, Kirill"]
[Black "Reutsky, Sergei"]
[Result "1-0"]
[WhiteElo "2067"]
[BlackElo "2387"]
[PlyCount "143"]
[EventDate "2014.07.16"]
[EventType "swiss (rapid)"]
[EventRounds "9"]
[EventCountry "CZE"]
[SourceTitle "EXT 2015"]
[Source "ChessBase"]
[SourceDate "2014.11.20"]
[SourceVersion "1"]
[SourceVersionDate "2014.11.20"]
[SourceQuality "1"]

1. d4 d5 2. Nf3 Nf6 3. c4 e6 4. Nc3 Be7 5. Bg5 0-0 6. e3 c6 7. Qc2 Nbd7 8. Rd1 Re8 9. Be2 dxc4 10. Bxc4 Nd5 11. Bxe7 Qxe7 12. 0-0 Nxc3 13. Qxc3 Nb6 14. Bb3 Bd7 15. Ne5 f6 16. Nd3 Rad8 17. Nc5 Bc8 18. Qa5 Kh8 19. Qxa7 Nd5 20. Nd3 Nc7 21. Qc5 Qd7 22. Qc2 Qf7 23. Nc5 Qh5 24. Ne4 Nd5 25. Ng3 Qh6 26. Qe2 g6 27. Qf3 Kg7 28. Ne2 Qg5 29. e4 Nb4 30. Qf4 Qxf4 31. Nxf4 e5 32. dxe5 fxe5 33. Ne2 Nd3 34. Rb1 Nc5 35. Nc3 Rd2 36. Rfd1 Red8 37. Rxd2 Rxd2 38. Bc4 Rd4 39. Be2 Nxe4 40. Nxe4 Rxe4 41. Kf1 Rb4 42. b3 Bf5 43. Rc1 Rd4 44. Ke1 Be4 45. f3 Bd5 46. Rd1 Rxd1+ 47. Bxd1 e4 48. f4 Kf6 49. g3 g5 50. fxg5+ Kxg5 51. Kf2 Kf5 52. Ke3 Ke5 53. g4 h6 54. h4 c5 55. Bc2 c4 56. bxc4 Bxc4 57. a3 Bd5 58. g5 hxg5 59. hxg5 b6 60. g6 Kf6 61. Bxe4 Bc4 62. Kd4 Bb5 63. Kd5 Be8 64. Kd6 b5 65. Kc5 Bd7 66. Bd3 Be8 67. Kb6 Kg7 68. Bxb5 Bxg6 69. a4 Kf6 70. a5 Ke6 71. a6 Kd6 72. Bc6 1-0

[Event "Pardubice op rap 25th"]
[Site "Pardubice"]
[Date "2014.07.17"]
[Round "5"]
[White "Zwardon, Vojtech"]
[Black "Reutsky, Sergei"]
[Result "0-1"]
[WhiteElo "2399"]
[BlackElo "2387"]
[PlyCount "100"]
[EventDate "2014.07.16"]
[EventType "swiss (rapid)"]
[EventRounds "9"]
[EventCountry "CZE"]
[SourceTitle "EXT 2015"]
[Source "ChessBase"]
[SourceDate "2014.11.20"]
[SourceVersion "1"]
[SourceVersionDate "2014.11.20"]
[SourceQuality "1"]

1. c4 c5 2. Nc3 Nc6 3. g3 g6 4. Bg2 Bg7 5. d3 d6 6. Rb1 e6 7. Bd2 Nge7 8. a3 d5 9. cxd5 exd5 10. b4 c4 11. dxc4 dxc4 12. Nf3 Nd5 13. Nxd5 Qxd5 14. 0-0 Bf5 15. Be3 Qxd1 16. Rbxd1 Be4 17. b5 Na5 18. Bd4 0-0 19. Bxg7 Kxg7 20. Rd4 Rfe8 21. Nd2 Bxg2 22. Kxg2 Rac8 23. e3 c3 24. Ne4 Nb3 25. Rb4 c2 26. Rxb3 c1Q 27. Rxc1 Rxc1 28. Nd6 Re7 29. Rb4 Rc2 30. a4 Rxe3 31. Nxb7 Ree2 32. Rf4 Red2 33. Na5 f5 34. Nc6 Kf6 35. h4 h6 36. g4 Ra2 37. gxf5 g5 38. hxg5+ hxg5 39. Rf3 g4 40. Rf4 Kg5 41. Kg3 Ra3+ 42. f3 gxf3 43. Rxf3 Rxa4 44. Ne5 Raa2 45. Re3 Kxf5 46. Nf3 Rg2+ 47. Kh4 Kf4 48. Rb3 Rg4+ 49. Kh5 Rg3 50. Nd4 Rh2# 0-1

[Event "EU-ch 11th"]
[Site "Rijeka"]
[Date "2010.03.16"]
[Round "10"]
[White "Reutsky, Sergei"]
[Black "Minasian, Artashes"]
[Result "0-1"]
[WhiteElo "2404"]
[BlackElo "2568"]
[PlyCount "66"]
[EventDate "2010.03.06"]
[EventType "swiss"]
[EventRounds "11"]
[EventCountry "CRO"]
[SourceTitle "CBM 136"]
[Source "ChessBase"]
[SourceDate "2010.05.18"]
[SourceVersion "1"]
[SourceVersionDate "2010.05.18"]
[SourceQuality "1"]

1. e4 g6 2. d4 Bg7 3. Nf3 d6 4. Bc4 c6 5. Bb3 Nf6 6. Qe2 e5 7. dxe5 dxe5 8. 0-0 Qe7 9. Nbd2 0-0 10. Nc4 Bg4 11. h3 Bxf3 12. Qxf3 Nbd7 13. Bg5 Nc5 14. Ne3 Rae8 15. Bxf6 Bxf6 16. Rfd1 Bg7 17. Rd2 Qh4 18. g4 Qg5 19. Re1 Qf4 20. Qxf4 exf4 21. Nc4 Rxe4 22. Rxe4 Nxe4 23. Re2 Ng5 24. Re7 Rd8 25. Rxb7 Nxh3+ 26. Kg2 Ng5 27. Rxa7 Bf6 28. c3 Rd3 29. Bc2 Rh3 30. Nd2 f3+ 31. Kg1 Be5 32. Bd1 Bh2+ 33. Kf1 Bb8 0-1

[Event "EU-ch 10th"]
[Site "Budva"]
[Date "2009.03.15"]
[Round "9"]
[White "Safarli, Eltaj"]
[Black "Reutsky, Sergei"]
[Result "1-0"]
[WhiteElo "2564"]
[BlackElo "2381"]
[PlyCount "127"]
[EventDate "2009.03.06"]
[EventType "swiss"]
[EventRounds "11"]
[EventCountry "MNE"]
[SourceTitle "CBM 130"]
[Source "ChessBase"]
[SourceDate "2009.05.20"]
[SourceVersion "1"]
[SourceVersionDate "2009.05.20"]
[SourceQuality "1"]

1. e4 e6 2. d4 d5 3. exd5 exd5 4. c4 Nf6 5. Nc3 Bb4 6. Bd3 0-0 7. Nge2 dxc4 8. Bxc4 Nc6 9. 0-0 Bf5 10. h3 h6 11. Be3 a6 12. Ng3 Bh7 13. a3 Bxc3 14. bxc3 Nd5 15. Qf3 Nce7 16. Bd2 b5 17. Bb3 Nb6 18. Rfe1 Ned5 19. Nh5 c6 20. Re5 Qd6 21. Nf4 Rae8 22. Qg3 Nf6 23. Rae1 Rxe5 24. dxe5 Qxd2 25. Rd1 Ne4 26. Rxd2 Nxg3 27. fxg3 Re8 28. e6 fxe6 29. Nxe6 Nc4 30. Bxc4 bxc4 31. Rd8 Rxd8 32. Nxd8 Be4 33. Nb7 Bd5 34. Nc5 a5 35. Kf2 Kf7 36. Ke3 Bxg2 37. h4 Kf6 38. Nb7 c5 39. Nxc5 Kf5 40. Nd7 h5 41. Nb6 Bf1 42. Nd5 g5 43. Kd4 Be2 44. Ne3+ Kf6 45. Nxc4 gxh4 46. gxh4 Kf5 47. Ne5 Kf4 48. c4 Kg3 49. Ng6 a4 50. c5 Bb5 51. Ke5 Kg4 52. Kd6 Be8 53. Ne5+ Kxh4 54. Nd7 Bg6 55. c6 Be4 56. c7 Bb7 57. Nc5 Bc8 58. Ke7 Kg3 59. Kd8 h4 60. Ne4+ Kg2 61. Kxc8 h3 62. Kb7 h2 63. c8Q h1Q 64. Qg4+ 1-0

[Event "Moscow op-A"]
[Site "Moscow"]
[Date "2009.02.08"]
[Round "9"]
[White "Zinchenko, Yaroslav"]
[Black "Reutsky, Sergei"]
[Result "1/2-1/2"]
[WhiteElo "2527"]
[BlackElo "2381"]
[PlyCount "72"]
[EventDate "2009.01.31"]
[EventType "swiss"]
[EventRounds "9"]
[EventCountry "RUS"]
[SourceTitle "EXT 2023"]
[Source "ChessBase"]
[SourceDate "2022.10.05"]
[SourceVersion "1"]
[SourceVersionDate "2022.10.05"]
[SourceQuality "1"]

1. e4 e6 2. d4 d5 3. Nd2 Nf6 4. e5 Nfd7 5. c3 c5 6. f4 Nc6 7. Ndf3 Qb6 8. h4 cxd4 9. cxd4 Bb4+ 10. Kf2 f6 11. Be3 Be7 12. Qd2 0-0 13. Ne2 fxe5 14. fxe5 Qa5 15. Qc2 Ncxe5 16. dxe5 Nxe5 17. Bd4 Ng4+ 18. Kg1 Bd6 19. Ng5 Rf5 20. g3 Bd7 21. Bh3 Rc8 22. Qd3 h5 23. Bxg4 hxg4 24. Rh2 e5 25. Rf2 g6 26. Be3 Rcf8 27. Rd1 Bc6 28. Nc3 Bc5 29. Nxd5 e4 30. Qc4 Rxd5 31. Bxc5 Qxc5 32. Qxc5 Rxd1+ 33. Kh2 Rxf2+ 34. Qxf2 Rh1+ 35. Kxh1 e3+ 36. Kg1 exf2+ 1/2-1/2

[Event "Bayern-chI Bank Hofmann 12th"]
[Site "Bad Wiessee"]
[Date "2008.11.04"]
[Round "4"]
[White "Ehrke, Michael"]
[Black "Reutsky, Sergei"]
[Result "1/2-1/2"]
[WhiteElo "2211"]
[BlackElo "2411"]
[PlyCount "62"]
[EventDate "2008.11.01"]
[EventType "swiss"]
[EventRounds "9"]
[EventCountry "GER"]
[SourceTitle "EXT 2009"]
[Source "ChessBase"]
[SourceDate "2008.11.26"]
[SourceVersion "1"]
[SourceVersionDate "2008.11.26"]
[SourceQuality "1"]

1. d4 f5 2. Nf3 Nf6 3. Bf4 g6 4. e3 Bg7 5. h3 0-0 6. Be2 e6 7. 0-0 d6 8. c4 Ne4 9. Nbd2 Nd7 10. Rc1 e5 11. Bh2 Nxd2 12. Qxd2 e4 13. Ne1 Nf6 14. Nc2 Be6 15. d5 Bf7 16. Nd4 Qe7 17. b4 Nd7 18. Nb5 Ne5 19. c5 a6 20. cxd6 cxd6 21. Nd4 Rfc8 22. Rfd1 Bf6 23. Nb3 Qd7 24. Na5 b5 25. a3 Rxc1 26. Rxc1 Rc8 27. Rxc8+ Qxc8 28. Bxe5 Bxe5 29. Nc6 Bf6 30. Bd1 Kg7 31. Bb3 g5 1/2-1/2

[Event "Khanty-Mansiysk Governor Cup"]
[Site "Khanty-Mansiysk"]
[Date "2008.10.21"]
[Round "7"]
[White "Reutsky, Sergei"]
[Black "Tolstikh, Nikolay"]
[Result "1/2-1/2"]
[WhiteElo "2411"]
[BlackElo "2383"]
[PlyCount "25"]
[EventDate "2008.10.15"]
[EventType "swiss"]
[EventRounds "9"]
[EventCountry "RUS"]
[SourceTitle "EXT 2010"]
[Source "ChessBase"]
[SourceDate "2010.11.25"]
[SourceVersion "1"]
[SourceVersionDate "2010.11.25"]
[SourceQuality "1"]

1. e4 e5 2. Nf3 Nc6 3. Nc3 Nf6 4. Bb5 Bb4 5. 0-0 0-0 6. d3 d6 7. Bg5 Bxc3 8. bxc3 Bd7 9. Rb1 a6 10. Bc4 Na5 11. Nd2 h6 12. Bh4 Be6 13. Bb3 1/2-1/2

[Event "Khanty-Mansiysk Governor Cup"]
[Site "Khanty-Mansiysk"]
[Date "2008.10.18"]
[Round "4"]
[White "Pogromsky, Mikhail"]
[Black "Reutsky, Sergei"]
[Result "0-1"]
[WhiteElo "2413"]
[BlackElo "2411"]
[PlyCount "104"]
[EventDate "2008.10.15"]
[EventType "swiss"]
[EventRounds "9"]
[EventCountry "RUS"]
[SourceTitle "EXT 2010"]
[Source "ChessBase"]
[SourceDate "2010.11.25"]
[SourceVersion "1"]
[SourceVersionDate "2010.11.25"]
[SourceQuality "1"]

1. c4 f5 2. g3 Nf6 3. Bg2 g6 4. Nc3 Bg7 5. d4 0-0 6. Nh3 d6 7. d5 c6 8. Nf4 cxd5 9. cxd5 Na6 10. h4 Qb6 11. h5 Ng4 12. 0-0 g5 13. Ne6 Bxe6 14. dxe6 h6 15. Nd5 Qd8 16. e4 Qe8 17. Bh3 Qxh5 18. Bxg4 fxg4 19. Nxe7+ Kh7 20. Nf5 Be5 21. e7 Rf6 22. Be3 Qf7 23. Qxg4 Nb4 24. Rad1 Nc6 25. Kg2 Rg8 26. b3 Nxe7 27. Nxe7 Qxe7 28. Qe2 a6 29. Rc1 Rg7 30. Qd3 Qf7 31. Bd4 h5 32. Rh1 h4 33. Rc2 Rh6 34. Bxe5 dxe5 35. Qd5 Qf6 36. Qd3 Qe6 37. Qc4 h3+ 38. Kh2 Qxc4 39. Rxc4 Rf7 40. Rf1 g4 41. Rc5 Re6 42. Kg1 b6 43. Rc3 Ref6 44. Rc2 Rd7 45. Re1 Rd4 46. Kh2 Kg6 47. Rce2 Rc6 48. f3 gxf3 49. Rf2 Rd3 50. Kxh3 Kg5 51. g4 Kf4 52. g5 Rc8 0-1

[Event "Khanty-Mansiysk Governor Cup"]
[Site "Khanty-Mansiysk"]
[Date "2008.10.16"]
[Round "2"]
[White "Vokarev, Sergey"]
[Black "Reutsky, Sergei"]
[Result "1/2-1/2"]
[WhiteElo "2542"]
[BlackElo "2411"]
[PlyCount "84"]
[EventDate "2008.10.15"]
[EventType "swiss"]
[EventRounds "9"]
[EventCountry "RUS"]
[SourceTitle "EXT 2010"]
[Source "ChessBase"]
[SourceDate "2010.11.25"]
[SourceVersion "1"]
[SourceVersionDate "2010.11.25"]
[SourceQuality "1"]

1. e4 e6 2. d4 d5 3. Nd2 c5 4. exd5 Qxd5 5. Ngf3 cxd4 6. Bc4 Qd6 7. 0-0 Nf6 8. Nb3 Nc6 9. Nbxd4 Nxd4 10. Nxd4 a6 11. c3 Qc7 12. Bb3 Bd7 13. Qe2 0-0-0 14. a4 Bd6 15. h3 h6 16. a5 g5 17. Be3 Rdg8 18. Nc2 g4 19. h4 Bb5 20. c4 Bc6 21. Bb6 Qe7 22. Nd4 Bxg2 23. Kxg2 Nh5 24. Nf5 exf5 25. Qxe7 Bxe7 26. c5 Nf4+ 27. Kh1 Bxh4 28. c6 bxc6 29. Bxf7 Rf8 30. Bc4 Kb7 31. Rfd1 Nd5 32. Bxd5 cxd5 33. Rxd5 Rf7 34. Rd6 Rc8 35. Rxh6 Bf6 36. Be3 Rc2 37. Kg2 f4 38. Bxf4 Bd4 39. Bg3 Bxf2 40. Bxf2 Rcxf2+ 41. Kg3 R7f3+ 42. Kxg4 Rf4+ 1/2-1/2

[Event "Khanty-Mansiysk Governor Cup"]
[Site "Khanty-Mansiysk"]
[Date "2008.10.15"]
[Round "1"]
[White "Reutsky, Sergei"]
[Black "Chuprov, Dmitry"]
[Result "0-1"]
[WhiteElo "2411"]
[BlackElo "2573"]
[PlyCount "124"]
[EventDate "2008.10.15"]
[EventType "swiss"]
[EventRounds "9"]
[EventCountry "RUS"]
[SourceTitle "EXT 2010"]
[Source "ChessBase"]
[SourceDate "2010.11.25"]
[SourceVersion "1"]
[SourceVersionDate "2010.11.25"]
[SourceQuality "1"]

1. e4 e5 2. Nf3 Nc6 3. Bc4 Nf6 4. d3 Bc5 5. 0-0 d6 6. c3 Bb6 7. Nbd2 0-0 8. Bb3 h6 9. Nc4 Be6 10. Qe2 Re8 11. Be3 Bxe3 12. Nxe3 d5 13. Rfd1 d4 14. Bxe6 fxe6 15. Nc4 Nd7 16. a4 Qf6 17. Qc2 Rf8 18. Qb3 Rab8 19. Kh1 g5 20. Rd2 g4 21. Ng1 h5 22. Rf1 a6 23. a5 Qg5 24. Qd1 b5 25. axb6 cxb6 26. f3 b5 27. Na3 Nc5 28. Nc2 Na4 29. cxd4 Nxb2 30. Qc1 exd4 31. Ne1 Na4 32. f4 Qc5 33. Qxc5 Nxc5 34. Rc2 b4 35. Rxc5 b3 36. Rxc6 Rfc8 37. Rxc8+ Rxc8 38. Nef3 gxf3 39. Nxf3 b2 40. Nd2 Rc1 41. Kg1 a5 42. Nb1 a4 43. Na3 Kf7 44. Kf2 Ke7 45. Ke2 Kd6 46. Rd1 Kc5 47. Rd2 b1Q 48. Nxb1 Rxb1 49. Rc2+ Kb4 50. Rc8 Rb2+ 51. Kf3 a3 52. Ra8 Rd2 53. f5 Rxd3+ 54. Kf4 exf5 55. exf5 Rd1 56. Ke4 d3 57. Ke3 Rf1 58. Kxd3 Rxf5 59. Rb8+ Ka4 60. Kc4 a2 61. Rb4+ Ka5 62. Rb8 Rf6 0-1

[Event "Zvenigorod Autumn op-A"]
[Site "Zvenigorod"]
[Date "2008.09.28"]
[Round "6"]
[White "Reutsky, Sergei"]
[Black "Charochkina, Daria"]
[Result "0-1"]
[WhiteElo "2344"]
[BlackElo "2309"]
[PlyCount "72"]
[EventDate "2008.09.25"]
[EventType "swiss"]
[EventRounds "9"]
[EventCountry "RUS"]
[SourceTitle "EXT 2009"]
[Source "ChessBase"]
[SourceDate "2008.11.26"]
[SourceVersion "1"]
[SourceVersionDate "2008.11.26"]
[SourceQuality "1"]

1. e4 c5 2. Nf3 d6 3. d4 cxd4 4. Nxd4 Nf6 5. Nc3 Nc6 6. Bc4 Qb6 7. Nb3 e6 8. Bf4 Ne5 9. Be2 Be7 10. Be3 Qc7 11. f4 Nc6 12. Bf3 0-0 13. Qe2 a6 14. 0-0-0 b5 15. g4 Bb7 16. g5 Nd7 17. h4 Na5 18. g6 fxg6 19. Bg4 Nxb3+ 20. axb3 Nf6 21. Bxe6+ Kh8 22. Nd5 Bxd5 23. exd5 Nh5 24. Qg4 a5 25. Rd3 a4 26. b4 Qc4 27. Kb1 a3 28. bxa3 Nxf4 29. Rb3 Nxe6 30. Qxe6 Rf1+ 31. Rxf1 Qxf1+ 32. Bc1 Bxh4 33. Re3 h6 34. Re4 Qh1 35. Re3 Qg1 36. Re4 Bf6 0-1

[Event "Olomouc Prima Pack Cup"]
[Site "Olomouc"]
[Date "2008.08.05"]
[Round "9"]
[White "Jurcik, Marian"]
[Black "Reutsky, Sergei"]
[Result "1-0"]
[WhiteElo "2378"]
[BlackElo "2344"]
[PlyCount "65"]
[EventDate "2008.07.30"]
[EventType "tourn"]
[EventRounds "11"]
[EventCountry "CZE"]
[EventCategory "3"]
[SourceTitle "CBM 125 Extra"]
[Source "ChessBase"]
[SourceDate "2008.09.01"]
[SourceVersion "1"]
[SourceVersionDate "2008.09.01"]
[SourceQuality "1"]

1. d4 f5 2. g3 g6 3. Bg2 Bg7 4. Nh3 Nc6 5. d5 Ne5 6. Nf4 Nf6 7. Nc3 0-0 8. h4 c6 9. h5 gxh5 10. e4 cxd5 11. exd5 Qe8 12. Nb5 Qf7 13. Nc7 Rb8 14. Qd4 d6 15. Qxa7 Bd7 16. Be3 Rfc8 17. 0-0-0 Ne8 18. Nxe8 Ra8 19. Nxg7 Rxa7 20. Bxa7 Qxg7 21. Bd4 Be8 22. Bf3 Qg5 23. Bxh5 Bxh5 24. Rxh5 Qg4 25. Bc3 Nd7 26. Rdh1 Nf8 27. Ne6 Kf7 28. R1h4 Qe2 29. Rxf5+ Kg8 30. Rg5+ Ng6 31. Rxg6+ hxg6 32. Rh8+ Kf7 33. Ng5# 1-0

[Event "Olomouc Prima Pack Cup"]
[Site "Olomouc"]
[Date "2008.08.01"]
[Round "3"]
[White "Prikryl, Tomas"]
[Black "Reutsky, Sergei"]
[Result "0-1"]
[WhiteElo "2058"]
[BlackElo "2344"]
[PlyCount "74"]
[EventDate "2008.07.30"]
[EventType "tourn"]
[EventRounds "11"]
[EventCountry "CZE"]
[EventCategory "3"]
[SourceTitle "CBM 125 Extra"]
[Source "ChessBase"]
[SourceDate "2008.09.01"]
[SourceVersion "1"]
[SourceVersionDate "2008.09.01"]
[SourceQuality "1"]

1. e4 e6 2. d3 d5 3. Nd2 c5 4. Ngf3 Nc6 5. g3 Bd6 6. Qe2 Nge7 7. Bg2 0-0 8. 0-0 b6 9. Re1 Ba6 10. e5 Bc7 11. Nf1 Ng6 12. Bf4 f6 13. Bh3 Bc8 14. exf6 Nxf4 15. gxf4 Rxf6 16. Ng5 Nd4 17. Qh5 h6 18. c3 Bxf4 19. Nf7 Rxf7 20. cxd4 Qf6 21. dxc5 bxc5 22. Re2 e5 23. Bg2 Be6 24. Rae1 Raf8 25. Rc2 Qe7 26. Ne3 Qd6 27. Rec1 d4 28. Be4 g6 29. Bxg6 Rg7 30. Ng2 Bxc1 31. Rxc1 Bd5 32. Be4 Bxe4 33. dxe4 Qf6 34. Qe2 Qg5 35. Qf1 Kh7 36. Rc2 d3 37. f4 dxc2 0-1

[Event "Olomouc Prima Pack Cup"]
[Site "Olomouc"]
[Date "2008.08.01"]
[Round "4"]
[White "Reutsky, Sergei"]
[Black "Shumilov, Ilya"]
[Result "1-0"]
[WhiteElo "2344"]
[BlackElo "2286"]
[PlyCount "71"]
[EventDate "2008.07.30"]
[EventType "tourn"]
[EventRounds "11"]
[EventCountry "CZE"]
[EventCategory "3"]
[SourceTitle "CBM 125 Extra"]
[Source "ChessBase"]
[SourceDate "2008.09.01"]
[SourceVersion "1"]
[SourceVersionDate "2008.09.01"]
[SourceQuality "1"]

1. e4 c5 2. Nf3 Nc6 3. Bb5 g6 4. 0-0 Bg7 5. c3 Nf6 6. Re1 0-0 7. h3 a6 8. Bf1 d6 9. d4 Qc7 10. Bg5 cxd4 11. cxd4 d5 12. Bxf6 Bxf6 13. exd5 Na7 14. Nc3 Rd8 15. Qb3 Bf5 16. Rac1 Rac8 17. Ne5 Qb8 18. d6 Bxe5 19. Rxe5 exd6 20. Re7 Be6 21. Rxe6 fxe6 22. Qxe6+ Kg7 23. Qe7+ Kh8 24. Qf6+ Kg8 25. Nd5 Re8 26. Rxc8 Qxc8 27. Ne7+ Rxe7 28. Qxe7 d5 29. g3 Nc6 30. Qd6 Qf5 31. Bg2 Qb1+ 32. Kh2 Qxb2 33. Qxd5+ Kg7 34. Qd7+ Kh6 35. d5 Ne5 36. Qe7 1-0

[Event "Olomouc Prima Pack Cup"]
[Site "Olomouc"]
[Date "2008.07.31"]
[Round "2"]
[White "Reutsky, Sergei"]
[Black "Cerveny, Petr"]
[Result "1-0"]
[WhiteElo "2344"]
[BlackElo "2353"]
[PlyCount "70"]
[EventDate "2008.07.30"]
[EventType "tourn"]
[EventRounds "11"]
[EventCountry "CZE"]
[EventCategory "3"]
[SourceTitle "CBM 125 Extra"]
[Source "ChessBase"]
[SourceDate "2008.09.01"]
[SourceVersion "1"]
[SourceVersionDate "2008.09.01"]
[SourceQuality "1"]

1. e4 c5 2. Nf3 e6 3. d4 cxd4 4. Nxd4 Nf6 5. Nc3 d6 6. Be3 a6 7. Be2 Qc7 8. f4 b5 9. a3 Bb7 10. Bf3 Nc6 11. 0-0 Be7 12. Qe1 Nxd4 13. Bxd4 0-0 14. Qg3 Rad8 15. Kh1 Rd7 16. Rae1 Rfd8 17. Be2 g6 18. Qe3 Rf8 19. f5 e5 20. Bb6 Qb8 21. Qh3 Qc8 22. Be3 Rc7 23. Bd3 d5 24. exd5 Rd8 25. Qg3 Nh5 26. Qf2 Rxc3 27. fxg6 fxg6 28. Qf7+ Kh8 29. Qxe7 Re8 30. Rf8+ Rxf8 31. Qxe5+ Kg8 32. Bd4 Nf6 33. Bxc3 Bxd5 34. Rf1 Qg4 35. Rf2 Qd1+ 1-0